[Event "Porticcio op 3rd"]
[Site "Grosseto Prugna"]
[Date "2016.06.26"]
[Round "2"]
[White "Areshchenko, Kateryna"]
[Black "Bacrot, Etienne"]
[Result "0-1"]
[WhiteElo "2211"]
[BlackElo "2695"]
[PlyCount "115"]
[EventDate "2016.06.25"]
[EventType "swiss"]
[EventRounds "9"]
[EventCountry "FRA"]
[SourceTitle "EXT 2017"]
[Source "ChessBase"]
[SourceDate "2016.10.25"]
[SourceVersion "1"]
[SourceVersionDate "2016.10.25"]
[SourceQuality "1"]

1. e4 c5 2. b4 cxb4 3. a3 d5 4. exd5 Qxd5 5. Be2 Nc6 6. Nf3 e5 7. c4 Qd8 8. d3 Bd6 9. 0-0 Nge7 10. Re1 0-0 11. Bf1 Ng6 12. Nbd2 a5 13. Ne4 Be7 14. Bb2 Bg4 15. h3 Bxf3 16. Qxf3 bxa3 17. Bxa3 Nd4 18. Qd1 Bb4 19. Bxb4 axb4 20. Rb1 Qe7 21. Nd2 Nc6 22. Nb3 Qd6 23. Qf3 Rfd8 24. g3 Nge7 25. Red1 Ra3 26. Qe4 g6 27. Bg2 Nf5 28. Qe1 Ra2 29. Nc1 Rc2 30. Rd2 Nfd4 31. Rxc2 Nxc2 32. Qd1 Na3 33. Rb3 Nxc4 34. Bxc6 bxc6 35. Qe1 Na3 36. Qxb4 Nb5 37. Qc4 Qf6 38. Qe4 Rd4 39. Qe3 Ra4 40. Kg2 Kg7 41. Ne2 Qe6 42. Rb2 Qd5+ 43. Qf3 Qxf3+ 44. Kxf3 Kf6 45. Rc2 Ra6 46. Ke3 Ke6 47. Rc4 Nd6 48. Rc5 Nf5+ 49. Ke4 f6 50. Nc3 Nd4 51. Ke3 Ra1 52. f4 Rh1 53. fxe5 fxe5 54. Ne4 h6 55. h4 Rh2 56. Nf2 Rg2 57. g4 Rg1 58. Kd2 0-1

[Event "Lvov Vasylyshyn Memorial (Women)"]
[Site "Lvov"]
[Date "2010.11.30"]
[Round "8"]
[White "Areshchenko, Kateryna"]
[Black "Chlost, Marlena"]
[Result "1-0"]
[WhiteElo "2243"]
[BlackElo "2152"]
[PlyCount "77"]
[EventDate "2010.11.23"]
[EventType "tourn"]
[EventRounds "9"]
[EventCountry "UKR"]
[SourceTitle "CBM 139 Extra"]
[Source "ChessBase"]
[SourceDate "2011.01.05"]
[SourceVersion "1"]
[SourceVersionDate "2011.01.05"]
[SourceQuality "1"]

1. e4 c5 2. Nc3 a6 3. g3 b5 4. Bg2 Bb7 5. d3 e6 6. f4 d5 7. Qe2 Nc6 8. Nf3 Nd4 9. Qf2 Nxf3+ 10. Bxf3 b4 11. Ne2 Nf6 12. Qg2 h5 13. h3 Qc7 14. 0-0 Be7 15. c4 bxc3 16. Nxc3 Rd8 17. e5 Nd7 18. b3 Nb8 19. Be3 Nc6 20. Na4 d4 21. Bd2 Rc8 22. Rfc1 Nd8 23. b4 Bxf3 24. Qxf3 Qb7 25. Qxb7 Nxb7 26. bxc5 Rc7 27. Rab1 0-0 28. c6 Nd8 29. Rb6 f6 30. Ba5 Ba3 31. Rc4 fxe5 32. Rb8 Rxc6 33. Rxd8 Rxc4 34. Rxf8+ Kxf8 35. dxc4 e4 36. c5 Ke7 37. c6 Bc1 38. c7 Kd7 39. Nc5+ 1-0

[Event "Lvov Vasylyshyn Memorial (Women)"]
[Site "Lvov"]
[Date "2010.11.26"]
[Round "4"]
[White "Hryhorenko, Nataliya"]
[Black "Areshchenko, Kateryna"]
[Result "1-0"]
[WhiteElo "2344"]
[BlackElo "2243"]
[PlyCount "53"]
[EventDate "2010.11.23"]
[EventType "tourn"]
[EventRounds "9"]
[EventCountry "UKR"]
[SourceTitle "CBM 139 Extra"]
[Source "ChessBase"]
[SourceDate "2011.01.05"]
[SourceVersion "1"]
[SourceVersionDate "2011.01.05"]
[SourceQuality "1"]

1. d4 Nf6 2. Nf3 c5 3. d5 e6 4. Nc3 exd5 5. Nxd5 Nxd5 6. Qxd5 Be7 7. e4 Nc6 8. Be2 0-0 9. c3 d6 10. 0-0 Be6 11. Qh5 Qb6 12. Ng5 Bxg5 13. Qxg5 Rad8 14. Qg3 f6 15. b3 d5 16. exd5 Bxd5 17. Bf4 Ne5 18. Rad1 Bf7 19. h4 Qa5 20. h5 Qxa2 21. Rxd8 Rxd8 22. Bxe5 fxe5 23. h6 Bg6 24. Bc4+ Kf8 25. hxg7+ Kxg7 26. Qxe5+ Kh6 27. Qe3+ 1-0

[Event "Lvov Vasylyshyn Memorial (Women)"]
[Site "Lvov"]
[Date "2010.11.24"]
[Round "2"]
[White "Petrenko, Svetlana"]
[Black "Areshchenko, Kateryna"]
[Result "1-0"]
[WhiteElo "2256"]
[BlackElo "2243"]
[PlyCount "81"]
[EventDate "2010.11.23"]
[EventType "tourn"]
[EventRounds "9"]
[EventCountry "UKR"]
[SourceTitle "CBM 139 Extra"]
[Source "ChessBase"]
[SourceDate "2011.01.05"]
[SourceVersion "1"]
[SourceVersionDate "2011.01.05"]
[SourceQuality "1"]

1. e4 c5 2. Nf3 b6 3. c4 Bb7 4. Nc3 d6 5. d4 cxd4 6. Nxd4 Nf6 7. f3 a6 8. Be3 Nbd7 9. Be2 e6 10. 0-0 Be7 11. Qe1 0-0 12. Qg3 Kh8 13. Rfd1 Rc8 14. Rac1 Qc7 15. Qh3 Rfe8 16. g4 Nf8 17. g5 N6d7 18. f4 Nc5 19. Bf3 e5 20. fxe5 dxe5 21. Nf5 Nfe6 22. Qg4 Qb8 23. b4 Nxe4 24. Nxe4 Bxe4 25. Bxe4 Bxb4 26. Qh4 Nc5 27. Bxc5 Bxc5+ 28. Kg2 g6 29. Nh6 Rc7 30. Bd5 Ree7 31. Rf1 Be3 32. Rce1 Bd2 33. Rd1 Bf4 34. Rxf4 exf4 35. Qxf4 Qf8 36. Qf6+ Qg7 37. Bxf7 Rcd7 38. Rxd7 Rxd7 39. Bd5 Re7 40. Nf7+ Kg8 41. Qxe7 1-0

[Event "Lvov Vasylyshyn Memorial (Women)"]
[Site "Lvov"]
[Date "2010.11.23"]
[Round "1"]
[White "Areshchenko, Kateryna"]
[Black "Malakhova, Elizaveta"]
[Result "1/2-1/2"]
[WhiteElo "2243"]
[BlackElo "2315"]
[PlyCount "48"]
[EventDate "2010.11.23"]
[EventType "tourn"]
[EventRounds "9"]
[EventCountry "UKR"]
[SourceTitle "CBM 139 Extra"]
[Source "ChessBase"]
[SourceDate "2011.01.05"]
[SourceVersion "1"]
[SourceVersionDate "2011.01.05"]
[SourceQuality "1"]

1. e4 e5 2. Nf3 Nc6 3. Nc3 Nf6 4. Bb5 d6 5. d4 exd4 6. Nxd4 Bd7 7. 0-0 Be7 8. b3 0-0 9. Bb2 Re8 10. Re1 Bf8 11. Qd2 Re5 12. f4 Re8 13. Rad1 g6 14. Nd5 Bg7 15. Nxf6+ Bxf6 16. Nxc6 bxc6 17. Bxf6 Qxf6 18. e5 dxe5 19. Qxd7 cxb5 20. fxe5 Rxe5 21. Qxc7 Rxe1+ 22. Rxe1 Qd4+ 23. Kh1 b4 24. h3 a5 1/2-1/2

[Event "Lvov Vasylyshyn Memorial (Women)"]
[Site "Lvov"]
[Date "2009.12.03"]
[Round "9"]
[White "Areshchenko, Kateryna"]
[Black "Petrenko, Svetlana"]
[Result "1-0"]
[WhiteElo "2229"]
[BlackElo "2257"]
[PlyCount "149"]
[EventDate "2009.11.25"]
[EventType "tourn"]
[EventRounds "9"]
[EventCountry "UKR"]
[SourceTitle "CBM 133 Extra"]
[Source "ChessBase"]
[SourceDate "2010.01.05"]
[SourceVersion "1"]
[SourceVersionDate "2010.01.05"]
[SourceQuality "1"]

1. e4 c6 2. d4 d5 3. e5 Bf5 4. Nf3 e6 5. Be2 c5 6. c4 dxc4 7. Bxc4 Nc6 8. Be3 cxd4 9. Nxd4 Qa5+ 10. Nd2 Nxd4 11. Bxd4 Rd8 12. Bc3 Bb4 13. Qb3 Bxc3 14. Bb5+ Kf8 15. bxc3 a6 16. Be2 Qxe5 17. Nf3 Qe4 18. Nd4 g5 19. Rd1 Nf6 20. Qb6 Rd7 21. 0-0 Nd5 22. Qc5+ Kg7 23. Bf3 Qf4 24. g3 b6 25. Qxd5 Rxd5 26. gxf4 Ra5 27. Nxf5+ Rxf5 28. Rd6 Rb8 29. Rb1 Rxf4 30. Be2 Rc8 31. Rb3 a5 32. c4 Rc5 33. Rdxb6 Rcf5 34. f3 Re5 35. Bf1 Re1 36. Rb1 Re3 37. R6b3 Re5 38. Rb5 Re3 39. Rxg5+ Kf6 40. Rg3 Rc3 41. Rb2 a4 42. Be2 h5 43. Kf2 Rd4 44. Rg1 a3 45. Rb3 Rc2 46. Rxa3 Rdxc4 47. Ra5 Rb4 48. Rxh5 Rbb2 49. Re1 Rxa2 50. Rh4 Ke7 51. Rg4 f5 52. Rg2 Kf6 53. Kg1 Ra3 54. Bd1 Rc1 55. Rge2 Rc6 56. Re3 Ra1 57. Bb3 Rxe1+ 58. Rxe1 e5 59. Kf2 Rc3 60. Re3 Rc1 61. Kg2 Rb1 62. h4 Rb2+ 63. Kh3 Rb1 64. Rc3 Rh1+ 65. Kg3 Rg1+ 66. Kh2 Rf1 67. Kg2 Re1 68. Rc6+ Kg7 69. Be6 f4 70. Bf5 Re2+ 71. Kh3 Re1 72. Be4 Rg1 73. Re6 Rg3+ 74. Kh2 Kf8 75. Rxe5 1-0

[Event "Lvov Vasylyshyn Memorial (Women)"]
[Site "Lvov"]
[Date "2009.11.30"]
[Round "6"]
[White "Buksa, Nataliya"]
[Black "Areshchenko, Kateryna"]
[Result "0-1"]
[WhiteElo "1895"]
[BlackElo "2229"]
[PlyCount "88"]
[EventDate "2009.11.25"]
[EventType "tourn"]
[EventRounds "9"]
[EventCountry "UKR"]
[SourceTitle "CBM 133 Extra"]
[Source "ChessBase"]
[SourceDate "2010.01.05"]
[SourceVersion "1"]
[SourceVersionDate "2010.01.05"]
[SourceQuality "1"]

1. e4 c5 2. Nf3 Nc6 3. d4 cxd4 4. Nxd4 Nf6 5. Nc3 e5 6. Ndb5 d6 7. Bg5 a6 8. Na3 b5 9. Nd5 Be7 10. Bxf6 Bxf6 11. c3 Bg5 12. Nc2 0-0 13. Be2 g6 14. Bf3 Ra7 15. Nce3 Be6 16. g3 Bh3 17. Bg4 Bxg4 18. Qxg4 b4 19. 0-0 bxc3 20. bxc3 Bxe3 21. Nxe3 Qa5 22. a4 Ne7 23. c4 f5 24. Qh4 Qc5 25. Rad1 f4 26. Ng4 h5 27. Nf6+ Kg7 28. Nd5 Nxd5 29. cxd5 fxg3 30. hxg3 Raf7 31. Rd2 Kh6 32. Kg2 Qc3 33. Ra2 Qc4 34. Rd2 g5 35. Qh3 Qxe4+ 36. Kg1 g4 37. Qg2 Qxa4 38. Re1 Rf3 39. Qf1 h4 40. Rd3 hxg3 41. Rxf3 Rxf3 42. Re2 gxf2+ 43. Kg2 Qf4 44. Qh1+ Rh3 0-1

[Event "Lvov Vasylyshyn Memorial (Women)"]
[Site "Lvov"]
[Date "2009.11.27"]
[Round "3"]
[White "Malakhova, Elizaveta"]
[Black "Areshchenko, Kateryna"]
[Result "0-1"]
[WhiteElo "2281"]
[BlackElo "2229"]
[PlyCount "68"]
[EventDate "2009.11.25"]
[EventType "tourn"]
[EventRounds "9"]
[EventCountry "UKR"]
[SourceTitle "CBM 133 Extra"]
[Source "ChessBase"]
[SourceDate "2010.01.05"]
[SourceVersion "1"]
[SourceVersionDate "2010.01.05"]
[SourceQuality "1"]

1. d4 Nf6 2. c4 c5 3. e3 g6 4. Nf3 Bg7 5. Nc3 0-0 6. Be2 d5 7. 0-0 dxc4 8. Bxc4 Nbd7 9. Qe2 a6 10. a4 cxd4 11. exd4 Nb6 12. Bb3 Nbd5 13. Bg5 Be6 14. Ra3 Rc8 15. Ne4 Nxe4 16. Qxe4 Re8 17. Re1 Nf6 18. Qh4 Bd5 19. Ne5 Qa5 20. Nd3 Be4 21. Rxe4 Nxe4 22. Be3 Nd6 23. Ra1 Qb6 24. Bd5 Nf5 25. Qe4 e6 26. Ba2 Bxd4 27. a5 Qd8 28. Bxd4 Qxd4 29. Qe2 Red8 30. Ne5 Qd2 31. Qf1 Ne3 32. Qe1 Qxe1+ 33. Rxe1 Rd1 34. Rxd1 Nxd1 0-1

[Event "Lvov Vasylyshyn Memorial (Women)"]
[Site "Lvov"]
[Date "2009.11.26"]
[Round "2"]
[White "Areshchenko, Kateryna"]
[Black "Ivakhinova, Inna"]
[Result "1-0"]
[WhiteElo "2229"]
[BlackElo "2249"]
[PlyCount "113"]
[EventDate "2009.11.25"]
[EventType "tourn"]
[EventRounds "9"]
[EventCountry "UKR"]
[SourceTitle "CBM 133 Extra"]
[Source "ChessBase"]
[SourceDate "2010.01.05"]
[SourceVersion "1"]
[SourceVersionDate "2010.01.05"]
[SourceQuality "1"]

1. Nf3 d5 2. b3 Nf6 3. Bb2 Bf5 4. e3 e6 5. Be2 h6 6. 0-0 Nbd7 7. d4 Bd6 8. c4 c6 9. Nc3 0-0 10. Rc1 Qe7 11. Nd2 Ne4 12. Ncxe4 dxe4 13. f4 exf3 14. Bxf3 Bg6 15. Qe1 e5 16. Ne4 Bc7 17. Bc3 exd4 18. exd4 Rfe8 19. Nd2 Qg5 20. Qf2 Bf4 21. h4 Qe7 22. Kh1 Qd6 23. Be4 Bg3 24. Qf3 Bxh4 25. Bxg6 fxg6 26. d5 Rf8 27. Qg4 g5 28. Ne4 Qe7 29. g3 cxd5 30. cxd5 Rae8 31. Rxf8+ Nxf8 32. Re1 Qc7 33. gxh4 Rxe4 34. Qxe4 Qxc3 35. hxg5 Qh3+ 36. Kg1 Qg3+ 37. Kf1 Qxg5 38. Qf3 Ng6 39. Re8+ Kh7 40. Qe4 Qc1+ 41. Kf2 Qd2+ 42. Kf3 Qd1+ 43. Ke3 Qe1+ 44. Kd3 Qd1+ 45. Kc3 Qc1+ 46. Qc2 Qa1+ 47. Kc4 Qf1+ 48. Qd3 Qf4+ 49. Kb5 a6+ 50. Kb6 Qf2+ 51. Kc7 Qf4+ 52. d6 Qc1+ 53. Kxb7 Qh1+ 54. Qe4 Qh5 55. a4 Qd1 56. Re6 Qxb3+ 57. Kxa6 1-0

[Event "Stockholm SCT (Women)"]
[Site "Stockholm"]
[Date "2009.06.22"]
[Round "6"]
[White "Areshchenko, Kateryna"]
[Black "Skinke, Katrina"]
[Result "1-0"]
[WhiteElo "2241"]
[BlackElo "2210"]
[PlyCount "53"]
[EventDate "2009.06.17"]
[EventType "tourn"]
[EventRounds "9"]
[EventCountry "SWE"]
[SourceTitle "CBM 130 Extra"]
[Source "ChessBase"]
[SourceDate "2009.07.02"]
[SourceVersion "2"]
[SourceVersionDate "2009.07.15"]
[SourceQuality "1"]

1. e4 d6 2. d4 Nf6 3. Nc3 g6 4. Be3 c6 5. Qd2 b5 6. f3 Nbd7 7. g4 Nb6 8. h4 h5 9. g5 Nfd7 10. d5 Ne5 11. dxc6 Nbc4 12. Bxc4 Nxc4 13. Qd3 Nxe3 14. Qxe3 Bg7 15. Nge2 0-0 16. 0-0-0 Qa5 17. Kb1 Re8 18. Nd4 Ba6 19. Nd5 Bc8 20. Rd3 Qd8 21. Nxb5 a6 22. Nd4 e5 23. c7 Qd7 24. Nf6+ Bxf6 25. gxf6 Kh7 26. Nf5 gxf5 27. Qg5 1-0

[Event "Stockholm SCT (Women)"]
[Site "Stockholm"]
[Date "2009.06.20"]
[Round "4"]
[White "Areshchenko, Kateryna"]
[Black "Boric, Elena"]
[Result "1/2-1/2"]
[WhiteElo "2241"]
[BlackElo "2250"]
[PlyCount "83"]
[EventDate "2009.06.17"]
[EventType "tourn"]
[EventRounds "9"]
[EventCountry "SWE"]
[SourceTitle "CBM 130 Extra"]
[Source "ChessBase"]
[SourceDate "2009.07.02"]
[SourceVersion "2"]
[SourceVersionDate "2009.07.15"]
[SourceQuality "1"]

1. e4 d5 2. exd5 Qxd5 3. Nc3 Qd6 4. d4 Nf6 5. Bd3 Bg4 6. f3 Bh5 7. Nge2 c6 8. Bf4 Qd8 9. Qd2 e6 10. a3 Be7 11. Ne4 0-0 12. c4 Bg6 13. Rd1 Nbd7 14. Nxf6+ Nxf6 15. Bxg6 hxg6 16. 0-0 b5 17. Rc1 Rc8 18. b4 Qb6 19. Qb2 Rfd8 20. Kh1 a5 21. Rc2 bxc4 22. Rxc4 axb4 23. axb4 Nd5 24. Bd2 Qb5 25. Rfc1 Nb6 26. R4c2 Qxe2 27. Bg5 Qd3 28. Bxe7 Na4 29. Qa2 Rxd4 30. h3 Rd7 31. Qxa4 Rxe7 32. Rxc6 Rd8 33. b5 Red7 34. b6 g5 35. Rc8 Rxc8 36. Rxc8+ Kh7 37. Rc7 Qd1+ 38. Qxd1 Rxd1+ 39. Kh2 Kg6 40. Kg3 Rb1 41. Rc6 Rb2 42. Rd6 1/2-1/2

[Event "Stockholm SCT (Women)"]
[Site "Stockholm"]
[Date "2009.06.19"]
[Round "3"]
[White "Fransson, Angelina"]
[Black "Areshchenko, Kateryna"]
[Result "0-1"]
[WhiteElo "1844"]
[BlackElo "2241"]
[PlyCount "72"]
[EventDate "2009.06.17"]
[EventType "tourn"]
[EventRounds "9"]
[EventCountry "SWE"]
[SourceTitle "CBM 130 Extra"]
[Source "ChessBase"]
[SourceDate "2009.07.02"]
[SourceVersion "2"]
[SourceVersionDate "2009.07.15"]
[SourceQuality "1"]

1. e4 c5 2. c3 d5 3. exd5 Qxd5 4. d4 Nf6 5. Nf3 Bg4 6. Be2 e6 7. h3 Bh5 8. 0-0 Nc6 9. Be3 Be7 10. dxc5 Qxd1 11. Bxd1 Nd5 12. Bd4 f6 13. Re1 Bf7 14. Ba4 0-0 15. b4 e5 16. Be3 a5 17. Bd2 axb4 18. Bxc6 bxc6 19. cxb4 Rfb8 20. a3 Nxb4 21. Bxb4 Rxb4 22. axb4 Rxa1 23. Nbd2 Ra2 24. Kf1 Bg6 25. Re3 Kf8 26. Ke1 Bf7 27. Nb3 Ra4 28. Na5 Rxb4 29. Nxc6 Rb1+ 30. Ke2 Bxc5 31. Rc3 Rb2+ 32. Kd1 Bb3+ 33. Ke1 Bxf2+ 34. Kf1 Ba4 35. Na5 Bb5+ 36. Nc4 e4 0-1

[Event "Peterhof (Women)"]
[Site "Peterhof"]
[Date "2009.01.15"]
[Round "3"]
[White "Lupik, Marina"]
[Black "Areshchenko, Kateryna"]
[Result "1-0"]
[WhiteElo "2163"]
[BlackElo "2268"]
[PlyCount "81"]
[EventDate "2009.01.13"]
[EventType "tourn"]
[EventRounds "9"]
[EventCountry "RUS"]
[SourceTitle "EXT 2010"]
[Source "ChessBase"]
[SourceDate "2010.11.25"]
[SourceVersion "1"]
[SourceVersionDate "2010.11.25"]
[SourceQuality "1"]

1. d4 Nf6 2. c4 c5 3. d5 e6 4. Nc3 exd5 5. cxd5 d6 6. e4 g6 7. Nf3 Bg7 8. Nd2 0-0 9. Be2 Re8 10. 0-0 a6 11. a4 Nbd7 12. Qc2 Rb8 13. Nc4 Ne5 14. Ne3 Nfg4 15. Ned1 Qh4 16. Bf4 Nh6 17. Qc1 Bg4 18. f3 Bd7 19. g3 Qh5 20. g4 Nhxg4 21. fxg4 Bxg4 22. Bxg4 Nxg4 23. Bxd6 Qh3 24. Ne2 Rxe4 25. Ra3 Qh5 26. Ndc3 Be5 27. Bxe5 Rxe5 28. Qf4 Rf8 29. Raa1 f5 30. Qg3 Re3 31. Qg2 Nxh2 32. Qxh2 Rh3 33. Qg2 Qh4 34. Rf4 Qh6 35. d6 Rd3 36. Rd1 Rxd1+ 37. Nxd1 Qg7 38. Qd5+ Kh8 39. Ndc3 Qd7 40. Qe5+ Kg8 41. Nd5 1-0

[Event "UKR-ch (Women)"]
[Site "Nikolaev"]
[Date "2008.12.08"]
[Round "7"]
[White "Areshchenko, Kateryna"]
[Black "Ivanenko, Olga I"]
[Result "1/2-1/2"]
[WhiteElo "2302"]
[BlackElo "2022"]
[PlyCount "89"]
[EventDate "2008.12.02"]
[EventType "tourn"]
[EventRounds "11"]
[EventCountry "UKR"]
[SourceTitle "CBM 127 Extra"]
[Source "ChessBase"]
[SourceDate "2009.01.08"]
[SourceVersion "2"]
[SourceVersionDate "2009.01.28"]
[SourceQuality "1"]

1. e4 Nf6 2. e5 Nd5 3. d4 d6 4. c4 Nb6 5. exd6 cxd6 6. d5 e5 7. Nc3 Be7 8. Bd3 0-0 9. Nge2 f5 10. b3 Na6 11. 0-0 Nc5 12. Bc2 f4 13. f3 Bf5 14. Ba3 Nbd7 15. b4 Na6 16. Bxf5 Rxf5 17. c5 Nf6 18. Qd3 Rh5 19. Rfd1 Kh8 20. Nb5 Ne8 21. Rac1 Bf8 22. Rc3 Nac7 23. Nxc7 Nxc7 24. b5 Rh6 25. b6 axb6 26. cxb6 Na6 27. Qb5 Nc5 28. Rd2 Rxh2 29. Kxh2 Qh4+ 30. Kg1 Qe1+ 31. Kh2 Qxd2 32. Qc4 Qe1 33. Bxc5 dxc5 34. a4 Bd6 35. Rc1 Qh4+ 36. Kg1 g5 37. Nc3 g4 38. fxg4 Qxg4 39. Ne4 Rg8 40. Qc2 f3 41. g3 f2+ 42. Qxf2 Qxe4 43. Qf6+ Rg7 44. Qf8+ Rg8 45. Qf6+ 1/2-1/2

[Event "UKR-ch (Women)"]
[Site "Nikolaev"]
[Date "2008.12.05"]
[Round "4"]
[White "Hrabinska, Myroslava"]
[Black "Areshchenko, Kateryna"]
[Result "1-0"]
[WhiteElo "2295"]
[BlackElo "2302"]
[PlyCount "121"]
[EventDate "2008.12.02"]
[EventType "tourn"]
[EventRounds "11"]
[EventCountry "UKR"]
[SourceTitle "CBM 127 Extra"]
[Source "ChessBase"]
[SourceDate "2009.01.08"]
[SourceVersion "2"]
[SourceVersionDate "2009.01.28"]
[SourceQuality "1"]

1. d4 d5 2. Nf3 Nf6 3. Bf4 e6 4. e3 c5 5. c3 Nc6 6. Nbd2 Be7 7. Bd3 Qb6 8. Rb1 0-0 9. h3 Bd7 10. 0-0 Rfc8 11. Re1 a6 12. Ne5 Be8 13. Bg5 Qc7 14. f4 Nd7 15. Bxe7 Nxe7 16. Qh5 Nf8 17. Qh4 cxd4 18. exd4 f6 19. Ng4 Qxf4 20. Re3 Neg6 21. Qe1 Bf7 22. Rf3 Qd6 23. Qf2 Nd7 24. h4 h5 25. Ne3 Rf8 26. Rf1 Ne7 27. Rg3 Kh8 28. Bb1 f5 29. Nf3 Nf6 30. Ne5 Be8 31. Qf4 Rd8 32. Qg5 Rg8 33. Bc2 b5 34. Nxf5 exf5 35. Bxf5 Nxf5 36. Qxf5 Ne4 37. Ng6+ Bxg6 38. Rxg6 Nf6 39. Qg5 Nh7 40. Rxd6 Nxg5 41. Rxd8 Rxd8 42. hxg5 Kh7 43. Rf5 Kg6 44. Re5 Rd6 45. Kf2 a5 46. g3 Kf7 47. Ke3 Rd7 48. Kd3 Rd8 49. b3 Rd7 50. c4 dxc4+ 51. bxc4 bxc4+ 52. Kxc4 Rc7+ 53. Rc5 Ra7 54. a4 Ke6 55. Re5+ Kd6 56. g6 Rc7+ 57. Rc5 Re7 58. Rxa5 Re3 59. Rxh5 Rxg3 60. Ra5 Kc6 61. Ra7 1-0

[Event "UKR-ch (Women)"]
[Site "Nikolaev"]
[Date "2008.12.03"]
[Round "2"]
[White "Dolzhikova, Kateryna"]
[Black "Areshchenko, Kateryna"]
[Result "1-0"]
[WhiteElo "2351"]
[BlackElo "2302"]
[PlyCount "61"]
[EventDate "2008.12.02"]
[EventType "tourn"]
[EventRounds "11"]
[EventCountry "UKR"]
[SourceTitle "CBM 127 Extra"]
[Source "ChessBase"]
[SourceDate "2009.01.08"]
[SourceVersion "2"]
[SourceVersionDate "2009.01.28"]
[SourceQuality "1"]

1. e4 c5 2. Nf3 Nc6 3. Bb5 g6 4. Bxc6 bxc6 5. d4 cxd4 6. Qxd4 f6 7. h4 e5 8. Qd3 d5 9. Nc3 Ne7 10. h5 g5 11. exd5 cxd5 12. Nxe5 fxe5 13. Bxg5 Qd6 14. Bxe7 Bxe7 15. Qxd5 Qxd5 16. Nxd5 Rb8 17. Nxe7 Kxe7 18. 0-0-0 Rg8 19. Rhe1 Rxg2 20. Rxe5+ Be6 21. f4 Kf6 22. Rd6 Re8 23. Ra5 Rf2 24. Rxa7 Rxf4 25. Rxh7 Ke5 26. Rd3 Bf5 27. Re3+ Be4 28. Rd7 Rf2 29. Rd2 Rf1+ 30. Rd1 Rf2 31. Rxe4+ 1-0

[Event "St Petersburg FINEC (Women)"]
[Site "St Petersburg"]
[Date "2008.01.28"]
[Round "5"]
[White "Kirillova, Varvara"]
[Black "Areshchenko, Kateryna"]
[Result "0-1"]
[WhiteElo "2271"]
[BlackElo "2301"]
[PlyCount "100"]
[EventDate "2008.01.24"]
[EventType "tourn"]
[EventRounds "9"]
[EventCountry "RUS"]
[SourceTitle "CBM 122 Extra"]
[Source "ChessBase"]
[SourceDate "2008.03.04"]
[SourceVersion "1"]
[SourceVersionDate "2008.03.04"]
[SourceQuality "1"]

1. e4 c5 2. Nf3 a6 3. d4 cxd4 4. Nxd4 Nf6 5. Nc3 e5 6. Nb3 Bb4 7. Bd2 Nc6 8. Bd3 d5 9. exd5 Nxd5 10. Nxd5 Qxd5 11. 0-0 Be6 12. Be3 Rd8 13. a3 Be7 14. Nd2 f5 15. Bb6 Rd7 16. Nc4 e4 17. Be2 Nd4 18. b3 Bf6 19. Rb1 0-0 20. Re1 Qc6 21. Qc1 Nxe2+ 22. Rxe2 Bxc4 23. bxc4 Qxc4 24. Qf1 Bc3 25. f3 Bd4+ 26. Bxd4 Qxd4+ 27. Qf2 exf3 28. Qxd4 Rxd4 29. gxf3 Rd7 30. a4 Kf7 31. Rb4 Rc8 32. Kf2 Rc3 33. Kg3 Rdc7 34. Rd2 R3c6 35. h4 Kg6 36. Re2 Kh5 37. Re5 g6 38. Re2 h6 39. a5 Rxc2 40. Re8 R2c4 41. Rb6 R4c6 42. Rb4 Rd7 43. Rh8 Rc3 44. Rb8 Rdd3 45. Rf4 Rb3 46. Kg2 Rd2+ 47. Kg3 Ra2 48. Rd4 Rxa5 49. Rd7 Raa3 50. Kg2 Kxh4 0-1

[Event "Condom (Women)"]
[Site "Condom"]
[Date "2008.??.??"]
[Round "5"]
[White "Areshchenko, Kateryna"]
[Black "Gutierrez Castillo, Paloma"]
[Result "1-0"]
[WhiteElo "2308"]
[BlackElo "2157"]
[PlyCount "39"]
[EventDate "2008.07.12"]
[EventType "tourn"]
[EventRounds "9"]
[EventCountry "FRA"]
[SourceTitle "EXT 2009"]
[Source "ChessBase"]
[SourceDate "2008.11.26"]
[SourceVersion "1"]
[SourceVersionDate "2008.11.26"]
[SourceQuality "1"]

1. e4 e5 2. Nf3 Nc6 3. Nc3 g6 4. d4 exd4 5. Nxd4 Bg7 6. Be3 Nf6 7. Qd2 0-0 8. 0-0-0 Re8 9. f3 d5 10. exd5 Nxd5 11. Nxc6 bxc6 12. Bd4 Be6 13. Bxg7 Kxg7 14. Ne4 Rb8 15. c4 Nf6 16. Qc3 Qe7 17. g4 g5 18. h4 h6 19. hxg5 hxg5 20. Nxf6 1-0

[Event "St Petersburg (Women)"]
[Site "St Petersburg"]
[Date "2007.11.03"]
[Round "9"]
[White "Molchanova, Tatjana"]
[Black "Areshchenko, Kateryna"]
[Result "1/2-1/2"]
[WhiteElo "2329"]
[BlackElo "2302"]
[PlyCount "102"]
[EventDate "2007.10.27"]
[EventType "tourn"]
[EventRounds "11"]
[EventCountry "RUS"]
[EventCategory "1"]
[SourceTitle "CBM 121 Extra"]
[Source "ChessBase"]
[SourceDate "2008.01.10"]
[SourceVersion "1"]
[SourceVersionDate "2008.01.10"]
[SourceQuality "1"]

1. e4 c5 2. Nf3 Nc6 3. d4 cxd4 4. Nxd4 Nf6 5. Nc3 e5 6. Ndb5 d6 7. Bg5 a6 8. Na3 b5 9. Nd5 Be7 10. Bxf6 Bxf6 11. c3 Bg5 12. Nc2 0-0 13. h4 Bh6 14. g4 Bf4 15. Qf3 Be6 16. Nxf4 Qf6 17. g5 Qxf4 18. Qxf4 exf4 19. Bh3 Bxh3 20. Rxh3 Rfe8 21. 0-0-0 Rad8 22. Rhd3 Re6 23. Nd4 Nxd4 24. Rxd4 h6 25. f3 hxg5 26. hxg5 Kh7 27. Rd5 Kg6 28. Rf5 f6 29. Rxf4 fxg5 30. Rf5 Rf6 31. Rdd5 Kf7 32. Kd2 Ke6 33. Rxg5 Rxf3 34. Rxg7 Rf2+ 35. Ke3 Rxb2 36. Rg6+ Kd7 37. Rg7+ Ke6 38. Rh5 Rf8 39. Rh6+ Rf6 40. Rhh7 Ke5 41. Rg8 Rf1 42. Re8+ Kf6 43. Rf8+ Kg6 44. Rxf1 Kxh7 45. a4 b4 46. cxb4 Rxb4 47. a5 Rb5 48. Rf6 Rxa5 49. Rxd6 Kg7 50. Kf4 Kf7 51. e5 Ra1 1/2-1/2

[Event "St Petersburg (Women)"]
[Site "St Petersburg"]
[Date "2007.11.01"]
[Round "7"]
[White "Sirotkina, Nina"]
[Black "Areshchenko, Kateryna"]
[Result "0-1"]
[WhiteElo "2261"]
[BlackElo "2302"]
[PlyCount "96"]
[EventDate "2007.10.27"]
[EventType "tourn"]
[EventRounds "11"]
[EventCountry "RUS"]
[EventCategory "1"]
[SourceTitle "CBM 121 Extra"]
[Source "ChessBase"]
[SourceDate "2008.01.10"]
[SourceVersion "1"]
[SourceVersionDate "2008.01.10"]
[SourceQuality "1"]

1. Nf3 Nf6 2. c4 c5 3. g3 Nc6 4. Bg2 d5 5. cxd5 Nxd5 6. 0-0 e5 7. d3 Be7 8. b3 Bf6 9. Bb2 e4 10. Bxf6 Qxf6 11. dxe4 Ne3 12. fxe3 Qxa1 13. Qc2 Qf6 14. Qxc5 Qe7 15. Qxe7+ Kxe7 16. Nc3 Be6 17. Nd5+ Kd6 18. Nd4 Rac8 19. Nf4 a6 20. Nfxe6 fxe6 21. Bh3 Nxd4 22. exd4 Rhf8 23. Rd1 Rc2 24. Bg4 Rfc8 25. e5+ Ke7 26. Kf2 Rc1 27. Rd3 R8c3 28. Rxc3 Rxc3 29. Bf3 b5 30. Be4 h6 31. Bd3 Rc1 32. a4 b4 33. Bxa6 Rc3 34. Ke1 Rxb3 35. Kd2 g5 36. Kc2 Ra3 37. Bb5 h5 38. Bd3 h4 39. gxh4 gxh4 40. h3 Rxa4 41. Kb3 Ra1 42. d5 exd5 43. Kxb4 Ke6 44. Kc3 Kxe5 45. Kd2 Rh1 46. Bb5 Rxh3 47. Ke1 Rg3 48. Kf2 Rg7 0-1